15 Category Foursome Grab Bag Quiz Stats

 Plays Quiz Updated Aug 8, 2018

Challenge
Share
Tweet
Embed
Score 0/60 Timer 08:00
2 Plays Today
Hint Answer % Correct
Gaming
4 Monopoly Railroads/Stations
B&O / Fenchurch St.
93.8%
Language
4 Languages of Switzerland
French
87.8%
Music
4 Members of U2
Bono
86.8%
Language
4 Languages of Switzerland
German
86%
Miscellaneous
4 Ingredients in a Denver Omelet
egg
85.3%
Holiday
4 Traditional Bridal Accessory Qualities
New
81.1%
Holiday
4 Traditional Bridal Accessory Qualities
Blue
78.7%
Holiday
4 Traditional Bridal Accessory Qualities
Old
77.5%
Holiday
4 Traditional Bridal Accessory Qualities
Borrowed
76.9%
Movies
4 Indiana Jones Movies
Indiana Jones and the Temple of Doom
74%
Movies
4 Indiana Jones Movies
Raiders of the Lost Ark
71.6%
Gaming
4 Monopoly Railroads/Stations
Reading / King's Cross
69.7%
Literature
4 Hogwarts Houses
Slytherin
68.9%
Literature
4 Hogwarts Houses
Hufflepuff
67.5%
Language
4 Languages of Switzerland
Italian
66.7%
Entertainment
4 Awards in an EGOT
Oscar
64.4%
Sports
4 Major Golf Tournaments
US Open
64.1%
Entertainment
4 Awards in an EGOT
Emmy
64%
Gaming
4 Monopoly Railroads/Stations
Pennsylvania / Marylebone
63.3%
Literature
4 Hogwarts Houses
Gryffindor
63.1%
Entertainment
4 Awards in an EGOT
Grammy
62.4%
Miscellaneous
4 Ingredients in a Denver Omelet
green pepper
62.2%
Sports
4 Major Golf Tournaments
Masters Tournament
62%
Entertainment
4 Awards in an EGOT
Tony
61.2%
Miscellaneous
4 Ingredients in a Denver Omelet
onion
60.7%
Literature
4 Hogwarts Houses
Ravenclaw
60.3%
Television
4 A-Team Members
Bosco Albert 'B.A.' Baracus
60.2%
Religion
4 Horsemen of the Apocalypse
Death
57.6%
Miscellaneous
4 Ingredients in a Denver Omelet
ham
56.6%
Sports
4 Major Golf Tournaments
The Open Championship (aka British Open)
56.6%
Hint Answer % Correct
Movies
4 Indiana Jones Movies
Indiana Jones and the Last Crusade
55.5%
Religion
4 Horsemen of the Apocalypse
Famine
54%
History
4 Non-seceding Slave States
Kentucky
53.8%
Music
4 Members of U2
The Edge
52.9%
History
4 Non-seceding Slave States
Maryland
48%
Movies
4 Indiana Jones Movies
... and the Kingdom of the Crystal Skull
47.5%
History
4 Non-seceding Slave States
Missouri
47.1%
Religion
4 Horsemen of the Apocalypse
Pestilence
45.6%
Geography
4 Japanese Main Islands
Honshū
44.4%
Religion
4 Horsemen of the Apocalypse
War
43.4%
Gaming
4 Monopoly Railroads/Stations
Short Line / Liverpool St.
42.9%
Sports
4 Major Golf Tournaments
PGA Championship
42.4%
Television
4 A-Team Members
Templeton 'Faceman' Peck
37.1%
History
4 Non-seceding Slave States
Delaware
36.6%
Just For Fun
4 Categories for BASE Jumping
Span
32.9%
Television
4 A-Team Members
John 'Hannibal' Smith
30.3%
Geography
4 Japanese Main Islands
Hokkaidō
29.8%
Science
4 Conic Sections
circle
26.6%
Television
4 A-Team Members
H.M. 'Howling Mad' Murdock
22.4%
Science
4 Conic Sections
parabola
20.6%
Science
4 Conic Sections
ellipse
19.7%
Just For Fun
4 Categories for BASE Jumping
Building
19.6%
Music
4 Members of U2
Adam Clayton
18.1%
Language
4 Languages of Switzerland
Romansh
17%
Science
4 Conic Sections
hyperbola
16.8%
Geography
4 Japanese Main Islands
Kyūshū
14.9%
Music
4 Members of U2
Larry Mullen, Jr
13.8%
Geography
4 Japanese Main Islands
Shikoku
9.9%
Just For Fun
4 Categories for BASE Jumping
Antenna
8.6%
Just For Fun
4 Categories for BASE Jumping
Earth
7.8%

You're not logged in!

Compare scores with friends on all Sporcle quizzes.
OR
Log In

You Might Also Like...

Show Comments

Extras

Top Quizzes Today


Score Distribution

Your Account Isn't Verified!

In order to create a playlist on Sporcle, you need to verify the email address you used during registration. Go to your Sporcle Settings to finish the process.

Report this User

Report this user for behavior that violates our Community Guidelines.

Details: